| 000 | 00815nam a22002177a 4500 | ||
|---|---|---|---|
| 999 |
_c27593 _d27593 |
||
| 003 | BDDh-ASL | ||
| 005 | 20231016062616.0 | ||
| 008 | 200914s1960 b ||||| |||| 001 0 b d | ||
| 040 |
_aBDDh-ASL _cBDDh-ASL _dBDDh-ASL |
||
| 041 | _abengali | ||
| 082 |
_a921 _bAHA |
||
| 100 | 1 |
_95774 _aআহমদ, আবুযযোহা নূর |
|
| 245 | 1 | 0 | _aআল্লামা ইকবাল / |
| 246 | _aAllama Iqbal | ||
| 260 |
_aঢাকা: _bপাক কিতাব ঘর, _c১৯৬০। |
||
| 300 |
_a৮৮ পৃষ্ঠা: _c২২ সে. মি.। |
||
| 600 | 1 | 0 |
_aইকবাল, আল্লামা মুহাম্মদ _9816 |
| 650 | 0 |
_95771 _aPhilosopher (দার্শনিক) |
|
| 650 | 0 |
_abiographical dictionary - চরিতাভিধান _94665 |
|
| 942 |
_2ddc _cBK |
||